| 000 | 00576nmm a2200169Ia 4500 | ||
|---|---|---|---|
| 008 | 251105s9999||||xx |||||||||||||||||und|| | ||
| 020 | _a9789876992459 | ||
| 041 | _aspa | ||
| 100 | _aFigari Layus, Rosario | ||
| 245 | 0 | _aLos juicios por sus protagonistas : doce historias sobre los juicios por delitos de lesa humanidad en Argentina | |
| 264 |
_a[Buenos Aires, Argentina] : _bEduvim, _c2015 |
||
| 300 | _a294 páginas | ||
| 490 | _aPoliedros | ||
| 650 | _aHistory of the Americas: Latin America | ||
| 856 | _uhttps://public.digitaliapublishing.com/a/41018 | ||
| 942 | _cCF | ||
| 999 |
_c97599 _d97599 |
||